The potency of ungovernable impulses / Malka ... Read More
Available copies
- 2 of 2 copies available at LARL/NWRL Consortium.
- 2 of 2 copies available at Lake Agassiz Regional Library. (Show preferred library)
Current holds
0 current holds with 2 total copies.
Show Only Available Copies
| Location | Call Number / Copy Notes | Barcode | Shelving Location | Status | Due Date |
|---|---|---|---|---|---|
| Barnesville Public Library | SF OLD (Text) | 33500014304646 | New | Available | - |
| Detroit Lakes Public Library | SF OLD (Text) | 33500014304653 | New | Available | - |
Record details
- ISBN: 9781250396068
- ISBN: 1250396069
- Physical Description: 243 pages ; 22 cm.
- Edition: First edition.
- Publisher: New York, NY : A Tor Book, published by Tom Doherty Associates/Tor Publishing Group, 2025.
- Copyright: ©2025
Content descriptions
| Summary, etc.: | "A brand-new entry in the Hugo, Nebula, and Ignyte ... Read More |
Search for related items by subject
| Genre: | Space operas (Fiction) Science fiction. Queer fiction. Detective and mystery fiction. Novels. |
Search for related items by series
| LDR | 03656cam a2200733 i 4500 | ||
|---|---|---|---|
| 001 | 454212 | ||
| 003 | LARL_NWRL_CONSORTIUM | ||
| 005 | 20251124181423.0 | ||
| 008 | 250421t20252025nyu 000 f eng | ||
| 010 | . | ‡a 2025016684 | |
| 040 | . | ‡aDLC ‡beng ‡erda ‡cDLC ‡dOCLCO ‡dIG# ‡dUKMGB ‡dOCLCO ‡dNYP ‡dMWD ‡dHBP ‡dOCLCO ‡dSDD ‡dZDX ‡dYDX ‡dOCLCO ‡dNZPOP ‡dOCLCO | |
| 015 | . | ‡aGBC553712 ‡2bnb | |
| 016 | 7 | . | ‡a300557863 ‡2Uk |
| 019 | . | ‡a1522124057 | |
| 020 | . | ‡a9781250396068 ‡qhardcover | |
| 020 | . | ‡a1250396069 ‡qhardcover | |
| 020 | . | ‡z9781250396075 ‡qelectronic book | |
| 024 | 8 | . | ‡aCIPO000228454 |
| 035 | . | ‡a(OCoLC)1452443655 ‡z(OCoLC)1522124057 | |
| 042 | . | ‡apcc | |
| 082 | 0 | 0. | ‡a813/.6 ‡223/eng/20250428 |
| 100 | 1 | . | ‡aOlder, Malka, ‡d1977- ‡eauthor. ‡1https://id.oclc.org/worldcat/entity/E39PBJktqJvdWb9DM8kM6XkFKd |
| 245 | 1 | 4. | ‡aThe potency of ungovernable impulses / ‡cMalka Older. |
| 250 | . | ‡aFirst edition. | |
| 264 | 1. | ‡aNew York, NY : ‡bA Tor Book, published by Tom Doherty Associates/Tor Publishing Group, ‡c2025. | |
| 264 | 4. | ‡c©2025 | |
| 300 | . | ‡a243 pages ; ‡c22 cm. | |
| 336 | . | ‡atext ‡btxt ‡2rdacontent | |
| 337 | . | ‡aunmediated ‡bn ‡2rdamedia | |
| 338 | . | ‡avolume ‡bnc ‡2rdacarrier | |
| 490 | 0 | . | ‡aInvestigations of Mossa and Pleiti ; ‡v3 |
| 520 | . | ‡a"A brand-new entry in the Hugo, Nebula, and Ignyte Award-nominated sapphic, cozy space-opera mystery series The Investigations of Mossa and Pleiti, which Charlie Jane Anders calls "an utter triumph." When a former classmate begs Pleiti for help on behalf of her cousin-who's up for a prestigious academic position at a rival Jovian university but has been accused of plagiarism on the eve of her defense-Pleiti agrees to investigate the matter. Even if she has to do it without Mossa, her partner in more ways than one. Even if she's still reeling from Mossa's sudden isolation and bewildering rejection. Yet what appears to be a case of an attempted reputational smearing devolves into something decidedly more dangerous-and possibly deadly. The Investigations of Mossa and Pleiti The Mimicking of Known Successes The Imposition of Unnecessary Obstacles The Potency of Ungovernable Impulses The Centenal Cycle Infomocracy Null States State Tectonics"-- ‡cProvided by publisher. | |
| 650 | 0. | ‡aLesbians ‡vFiction. ‡0(LARL_NWRL_CONSORTIUM)165925 | |
| 650 | 0. | ‡aTeachers ‡vFiction. ‡0(LARL_NWRL_CONSORTIUM)167626 | |
| 650 | 0. | ‡aLibel and slander ‡vFiction. | |
| 650 | 0. | ‡aPlagiarism ‡vFiction. | |
| 650 | 0. | ‡aSeparation (Psychology) ‡vFiction. ‡0(LARL_NWRL_CONSORTIUM)167330 | |
| 650 | 0. | ‡aPrivate investigators ‡vFiction. ‡0(LARL_NWRL_CONSORTIUM)166580 | |
| 650 | 7. | ‡aFICTION / Science Fiction / Space Opera. ‡2bisacsh | |
| 650 | 7. | ‡aFICTION / Romance / LGBTQ+ / Lesbian. ‡2bisacsh | |
| 650 | 7. | ‡aFICTION / Science Fiction / Crime & Mystery. ‡2bisacsh | |
| 655 | 0. | ‡aSpace operas (Fiction) | |
| 655 | 7. | ‡aScience fiction. ‡2lcgft | |
| 655 | 7. | ‡aQueer fiction. ‡2lcgft | |
| 655 | 7. | ‡aDetective and mystery fiction. ‡2lcgft | |
| 655 | 7. | ‡aNovels. ‡2lcgft | |
| 901 | . | ‡a454212 ‡bOCoLC ‡c454212 ‡tbiblio ‡soclc | |

Add to basket
Permalink
Disable Highlighting